Creative Cities and Knowledge Management Approach to Culture-Based Urban Regeneration in Slovakia: A Model
Príspevok sa zaoberá inovatívnymi procesmi v rámci kultúrnych projektov obnovy miest v troch slovenských mestách - Bratislave, Žiline a Košiciach - v rámci koncepcie kreatívneho mesta. Dôraz je kladený na implementáciu prispôsobeného viacfaktorového modelu riadenia znalostí s cieľom preskúmať postup...
Saved in:
| Main Author: | |
|---|---|
| Other Authors: | |
| Format: | Book Chapter |
| Language: | English |
| Subjects: | |
| Tags: |
No Tags, Be the first to tag this record!
|
MARC
| LEADER | 00000naa a2200000 4500 | ||
|---|---|---|---|
| 001 | 0278628 | ||
| 005 | 20210921145319.7 | ||
| 041 | 0 | |a eng | |
| 044 | |a SK | ||
| 245 | 1 | 0 | |a Creative Cities and Knowledge Management Approach to Culture-Based Urban Regeneration in Slovakia: A Model |c Mária Tajtáková, Mária Olejárová |
| 520 | |a Príspevok sa zaoberá inovatívnymi procesmi v rámci kultúrnych projektov obnovy miest v troch slovenských mestách - Bratislave, Žiline a Košiciach - v rámci koncepcie kreatívneho mesta. Dôraz je kladený na implementáciu prispôsobeného viacfaktorového modelu riadenia znalostí s cieľom preskúmať postupy riadenia znalostí v projektoch rozvoja miest, ktoré sa zaoberajú adaptívnym opätovným používaním priemyselného a kultúrneho dedičstva. | ||
| 610 | 2 | 0 | |a kreativita |
| 610 | 2 | 0 | |a adaptácia |
| 610 | 2 | 0 | |a dedičstvo kultúrne |
| 610 | 2 | 0 | |a manažment celostný |
| 610 | 2 | 0 | |a modely |
| 610 | 2 | 0 | |a analýza faktorová |
| 100 | 1 | |a Tajtáková, Mária | |
| 700 | 1 | |a Olejárová, Mária | |